000 02431nam a2200253Ia 4500
003 Ost
005 20260507075426.0
008 260507s9999||||xx |||||||||||||| ||und||
020 _a9774083679
040 _cfsecg
041 _aara
082 _a658.8
100 _aمكوركل، جرمي
_eمؤلف
245 0 _aالتسويق المباشر من خلال قواعد البيانات /
_c جرمي مكوركل
260 _aالقاهرة:
_bدار الفاروق,
_c2006
300 _a424 صفحة؛
_bإيضاحات ؛
_c24 سم
490 _aمهارات التسويق
520 _aالتسويق في عصر قواعد البيانات، مفهوم التسويق المباشر، مراحل الازدهار والانحسار في التسويق واسع النطاق، ازدهار التسويق القائم على البيانات، تطبيقات التسويق المباشر، انشاء واستخدام نظم المعلومات التسويقية، الاهداف والسياسات التسويقية الهادفة الى ثقة العملاء، معلومات مهمة عن قواعد البيانات، اجراء الاختبارات واعداد النماذج والتكهن بالنتائج، الاستفادة من البيانات في مجال التسويق، قاعدة موحدة لكل من المستهلكين والعملاء من الشركات التجارية، بيانات التسويق الدولي، ابحاث السوق وجمع البيانات وقضايا الخصوصية، تكامل التسويق المباشر، اعداد خطط التسويق المباشر، اعداد ميزانيات التسويق، كيفية الاعداد لخطط العمل والادارة، اساليب التسويق المباشر، اهمية اساليب التواصل التسويقية وتطبيقاتها، الاستجابة المباشرة: جذب المزيد من العملاء، التخطيط الاعلامي للاستجابة المباشرة، الاختبار المستمر لقيم معاملات العملاء، الحفاظ على قاعدة العملاء، التواصل والتفاعل مع العملاء، دراسة حالة
653 _aالبيانات
653 _aالتسويق
653 _aنظم المعلومات- المؤسسة الممتدة
700 _aالعامري، خالد
_eمؤلف ثانوي
942 _cكتاب
999 _c44488
_d44488